书目信息 |
| 题名: |
Struts 2框架应用教程
|
|
| 作者: | 陈恒 , 张一鸣 编著 | |
| 分册: | ||
| 出版信息: | 北京 清华大学出版社 2016.3 |
|
| 页数: | 256页 | |
| 开本: | 26cm | |
| 丛书名: | ||
| 单 册: | ||
| 中图分类: | TP311.561 | |
| 科图分类: | ||
| 主题词: | 软件工具--程序设计--高等学校--教材 | |
| 电子资源: | ||
| ISBN: | 978-7-302-42182-5 | |
| 000 | 00941nam0 2200253 450 | |
| 001 | 0400002388 | |
| 005 | 20171021083852.0 | |
| 010 | @a978-7-302-42182-5@dCNY44.50 | |
| 100 | @a20160316e20172016em y0chiy50 ea | |
| 101 | 0 | @achi |
| 102 | @aCN@b110000 | |
| 105 | @ay z 000yy | |
| 106 | @ar | |
| 200 | 1 | @aStruts 2框架应用教程@9Struts 2 kuang jia ying yong jiao cheng@b专著@f陈恒,张一鸣编著 |
| 210 | @a北京@c清华大学出版社@d2016.3@h2017.6 | |
| 215 | @a256页@d26cm | |
| 300 | @a高等学校计算机专业教材精选·算法与程序设计 | |
| 330 | @a本书共10章,内容包括Struts 2入门、Struts 2的Action、类型转换、拦截器、表达式语言OGNL、标签库、输入校验、国际化、文件上传和下载以及电子商务平台的设计与实现等重要内容。 | |
| 606 | 0 | @a软件工具@x程序设计@x高等学校@j教材 |
| 690 | @aTP311.561@v5 | |
| 701 | 0 | @a陈恒@9chen heng@4编著 |
| 701 | 0 | @a张一鸣@9zhang yi ming@4编著 |
| 801 | 0 | @aCN@b91MARC@c20171021 |
| 905 | @b1027026-30@dTP311.561@f5@e1115 | |
| Struts 2框架应用教程/陈恒,张一鸣编著.-北京:清华大学出版社,2016.3(2017.6) |
| 256页;26cm |
| 高等学校计算机专业教材精选·算法与程序设计 |
| ISBN 978-7-302-42182-5:CNY44.50 |
| 本书共10章,内容包括Struts 2入门、Struts 2的Action、类型转换、拦截器、表达式语言OGNL、标签库、输入校验、国际化、文件上传和下载以及电子商务平台的设计与实现等重要内容。 |
| ● |
| 相关链接 |
|
|
|
|
正题名:Struts 2框架应用教程
索取号:TP311.561/1115
 
预约/预借
| 序号 | 登录号 | 条形码 | 馆藏地/架位号 | 状态 | 备注 |
| 1 | 1027026 | 210270268 | 第二样本阅览室/ [索取号:TP311.561/1115] | 在馆 | |
| 2 | 1027027 | 210270277 | 密集书库—计算机科学学院/ [索取号:TP311.561/1115] | 在馆 | |
| 3 | 1027028 | 210270286 | 第三借阅区/ [索取号:TP311.561/1115] | 在馆 | |
| 4 | 1027029 | 210270295 | 第三借阅区/ [索取号:TP311.561/1115] | 在馆 | |
| 5 | 1027030 | 210270302 | 第三借阅区/ [索取号:TP311.561/1115] | 在馆 |